书目信息 |
| 题名: |
关于实行党政领导干部问责的暂行规定读本
|
|
| 作者: | 耿文清 编写 | |
| 分册: | ||
| 出版信息: | 北京 人民出版社 2009 |
|
| 页数: | 399页 | |
| 开本: | 21cm | |
| 丛书名: | ||
| 单 册: | ||
| 中图分类: | D922.114 | |
| 科图分类: | ||
| 主题词: | 行政管理--责任制--法规--中国--学习参考资料 , 行政管理 , 责任制 | |
| 电子资源: | ||
| ISBN: | 978-7-01-008057-4 | |
| 000 | 01054nam0 2200277 450 | |
| 001 | 004515600 | |
| 005 | 20100712210048.0 | |
| 010 | @a978-7-01-008057-4@dCNY22.00 | |
| 100 | @a20100512d2009 em y0chiy0120 ea | |
| 101 | 0 | @achi |
| 102 | @aCN@b110000 | |
| 105 | @ay z 000yy | |
| 106 | @ar | |
| 200 | 1 | @a关于实行党政领导干部问责的暂行规定读本@9Guan Yu Shi Xing;Hang;Heng Dang Zheng Ling Dao Gan Bu Wen Ze De;Di Zan Xing;Hang;Heng Gui Ding Dou;Du Ben @f耿文清[等]编写 |
| 210 | @a北京@c人民出版社@d2009 | |
| 215 | @a399页@d21cm | |
| 304 | @a《关于实行党政领导干部问责的暂行规定》起草小组[编] | |
| 304 | @a编写者还有:侯觉非、谭焕民、周鹏飞、陈萍萍等 | |
| 330 | @a本书对《暂行规定》的立法精神和条文的立法原意进行了阐述和讲解;选编了近年来问责典型案例;收录了必要的参考文献和资料。 | |
| 606 | 0 | @a行政管理@x责任制@x法规@y中国@j学习参考资料 |
| 606 | 0 | @a行政管理 |
| 606 | 0 | @a责任制 |
| 690 | @aD922.114@v4 | |
| 701 | 0 | @a耿文清@9geng wen qing@f(1955.10~)@4编写 |
| 801 | 0 | @aCN@b91MARC@c20130904 |
| 905 | @aBZT@dD922.114@e12@f3@sD922.114/12 | |
| 关于实行党政领导干部问责的暂行规定读本/耿文清[等]编写.-北京:人民出版社,2009 |
| 399页;21cm |
| ISBN 978-7-01-008057-4:CNY22.00 |
| 本书对《暂行规定》的立法精神和条文的立法原意进行了阐述和讲解;选编了近年来问责典型案例;收录了必要的参考文献和资料。 |
| ● |
| 相关链接 |
|
|
|
正题名:关于实行党政领导干部问责的暂行规定读本
索取号:D922.114/12
 
预约/预借
| 序号 | 登录号 | 条形码 | 馆藏地/架位号 | 状态 | 备注 |
| 1 | 2000031664 | 2000031664 | 旧书回溯/ [索取号:D922.114/12] | 在馆 | |
| 2 | 2000152229 | 2000152229 | 旧书回溯/ [索取号:D922.114/12] | 在馆 | |
| 3 | 2000152233 | 2000152233 | 旧书回溯/ [索取号:D922.114/12] | 在馆 |